000 00747nam a2200277Ia 4500
003 OSt
005 20221002044536.0
006 a|||||r|||| 00| 0
007 ta
008 220930b |||||||| |||| 00| 0 eng d
020 _a8186208240
024 _a71780
037 _cReference Collections
040 _aCRL
_cCRL
_beng
041 _2eng
_aeng
082 _aNRk, P3(RR)
100 _aSinha Biswajit
245 0 _aDictionary of music, dance and drama
260 _aDelhi
_bRaj Publication India
_c2003
300 _a384p.
_ccm.
500 _aEncyclopaedia of Indian theatre
650 _a ARTS
650 _aMUSIC
_917402
942 _hNRk, P3(RR)
_cref
_2CC
999 _c910578
_d910578